000 00336nam a2200133Ia 4500
008 231129s1986||||xx |||||||||||||| ||spa||
040 _bspa
082 _a741.5 V331d
100 _aVasco U. Alberto
245 0 _aDe paso por el mundo
260 _c1986
264 _aMedellí­n Colombia : Ediciones Rayuela 1986
942 _2ddc
_cBKS
999 _c8822
_d8822